000 00407cam a22001217a 4500
008 180718b1989 xxu||||| |||| 00| 0 eng d
082 _aA81x54 In2/81/1/Occ pap 1/1989
100 _aCensus of India 1981
245 _aSRS based abridged life tables, 1981-85
260 _aDelhi
_bOffice of the Registrar General, India
_c1989
300 _a29p.
440 _aCensus of India 1981. Occasional Paper no. 1 of 1989
999 _c475518
_d475518